Automation in plant tissue culture: Problems and prospects (Record no. 54609)

MARC details
000 -LEADER
fixed length control field 00333nam a2200121Ia 4500
100 ## - MAIN ENTRY--AUTHOR NAME
Personal name Navin K Sharma
245 #0 - TITLE STATEMENT
Title Automation in plant tissue culture: Problems and prospects
260 ## - PUBLICATION, DISTRIBUTION, ETC. (IMPRINT)
Name of publisher Current Science
Year of publication 1992
300 ## - PHYSICAL DESCRIPTION
Number of Pages P 507-12
650 ## - SUBJECT ADDED ENTRY--TOPICAL TERM
Topical Term Plant tissue culture
942 ## - ADDED ENTRY ELEMENTS (KOHA)
Koha item type Journals
Holdings
Withdrawn status Lost status Damaged status Not for loan Home library Current library Date acquired Serial Enumeration / chronology Koha item type
      Journals RRII Library RRII Library 17/12/2021 Volume 62, Issue 7 Journals